00481nam a22001817a 450000500170000001000110001702000270002803500130005503700150006808200080008310000200009124500630011125000110017426000300018527000410021530000250025650000180028120180227153543.0 a1617EN a9781315750040c1995.00 aB-664902 aDPLbUPPAL a485 aDowning, Angela aEnglish grammar:cby Angela Downingba university course / a3th ed aNew YorkbRoutledgec2016 a711 third avenuebNew YorkeNY 10017 axix,529p.c25cm(pbk) ainculds index